000 00625nam a2200205Ia 4500
008 170504s9999 xx 000 0 und d
050 _aBF 698
050 _b.R427 2015
100 _aRequiero, Kerry Anne M.
245 _aLevels of self- efficacy and emotional adjustment of middle adult female homosexuals of Parañaque city/
245 _cKerry anne M. Requiero.
260 _aLas Piñas, Philippines :
260 _bSISC,
260 _c2015.
300 _a98 pages :
300 _billustrations ;
300 _c28 cm.
500 _aIncludes bibliographical references and appendices.
521 _aPsychology
999 _c329830
_d329830